| LEADER |
01178nam0a2200229 450 |
| 001 |
16807062 |
| 010 |
|
|
|a 978-2-8001-3913-5
|b Cart.
|d 8,5
|
| 100 |
|
|
|a 20070606d2007 u u0frey01 ba
|
| 101 |
0 |
|
|a fre
|
| 102 |
|
|
|a BE
|
| 200 |
0 |
|
|a Maître des couteaux (Le)
|f scénario Fabien Vehlmann
|g dessins Bruno Gazzotti - [scénario de] Vehlmann
|
| 207 |
|
1 |
|a
|
| 210 |
|
|
|a Paris
|b 57, bd de La Villette
|c Dupuis
|d 2007
|
| 215 |
|
|
|a 48 p.
|c ill. en coul.
|d 30 x 22 cm
|
| 225 |
1 |
|
|v 2
|
| 330 |
|
|
|a Après avoir constaté que tous les habitants de Fortville avaient mystérieusement disparu, Yvan, Leïla, Camille, Terry et Dodji se retrouvent sans leurs parents et doivent apprendre à se débrouiller seuls. Mais de mystérieux cliquetis, une silhouette aperçue furtivement et des peluches maltraitées les incitent à penser qu'ils ne sont pas vraiment seuls.
|
| 461 |
|
0 |
|t Seuls
|v 2
|
| 700 |
|
0 |
|a Vehlmann
|b Fabien
|f 1972-....
|4 70
|
| 701 |
|
0 |
|a Gazzotti
|b Bruno
|f 1970-....
|4 440
|
| 900 |
|
|
|a Bande Dessinée enfant ado
|
| 901 |
|
|
|a Réserve
|
| 995 |
|
|
|a Bibliothèque
|c Bibliothèque
|f 024012331
|h 024012331
|k BD VEH 2
|o p
|q j
|r az
|u Vérifier la présence de la pastille sur la cote
|e Bibliothèque
|